000 00920nam a2200301Ia 4500
001 57282
003 CO-BoRNBP
005 20250611171248.0
007 ta
008 180109s9999 xx 000 0 und d
020 _a9789584243362 \9584243365
040 _aCO-BoRNBP
_bspa
_erda
_cCO-BoRNBP
041 _aspa
084 _aN ESC5
100 1 _aEscobar, Melba, 1976-
_960215
245 1 0 _aLa casa de la belleza /
_cMelba Escobar de Nogales
250 _aPrimera edición
264 1 _a"Bogotá :
_bEmecé;2015"
300 _a"288 páginas ;
_c23 cm"
336 _atexto
_btxt
_2rdacontent
337 _asin mediación
_bn
_2rdamedia
338 _avolumen
_bnc
_2rdacarrier
500 _aIncluye información biográfica del autor.
650 0 0 _aNovela colombiana
_ySiglo XXI.
_2LEMB
_91602
650 0 0 _aLiteratura colombiana
_ySiglo XXI.
_2LEMB
_965
650 0 0 _aAutores colombianos
_2LEMB
_932
942 _2loc
_cBK
999 _c57282
_d57282